• 首页
  • 本馆介绍
  • 公告通知
  • 最新文献
  • 馆藏检索
  • 电子资源
  • 读者导购
  • 参考咨询
  • 我的图书馆
  • 登录
  • 详细信息显示
  • 放入我的书架
  • 预约/预借图书
  • 作者相关作品
  • 分类相关作品
  • 丛书相关作品
  • 出版社相关作品

书目信息

  • 表格格式
  • 工作单格式
  • 卡片格式
题名:
“符号性孕义”与卡西尔的符号形式哲学
    
 
作者: 石福祁 著
分册:  
出版信息: 北京   人民出版社  2016
页数: 262页
开本: 24cm
丛书名:
单 册:
中图分类: B516.59
科图分类:
主题词:
电子资源:
ISBN: 978-7-01-016026-9
000 01055nam0 22002531 450
001 0120081929
005 20170320081929.0
010    @a978-7-01-016026-9@dCNY55.00
100    @a20161101d2016 em y0chiy50 ea
101 0  @achi
102    @aCN@b110000
105    @ay v 000yy
106    @ar
200 1  @a“符号性孕义”与卡西尔的符号形式哲学@9fu hao xing yun yi yu ka xi er de fu hao xing shi zhe xue@dSymbolic pregnancy and Ernst Cassirer's philosophy of symbolic forms@f石福祁著@zeng
210    @a北京@c人民出版社@d2016
215    @a262页@d24cm
300    @a“兰州大学‘985工程’敦煌学与人文科学基础研究资助”
330    @a本书分五章,内容包括:导言及问题、卡西尔的符号形式哲学、“符号性孕义”、符号性孕义的有效性问题、精神作为的自由。
510 1  @aSymbolic pregnancy and Ernst Cassirer's philosophy of symbolic forms@zeng
600  0 @a卡西勒@Aka xi le@c(Cassirer, Ernst@f1874-1945)@x哲学思想@x研究
690    @aB516.59@v5
701  0 @a石福祁@9shi fu qi@f(1974~)@4著
801  0 @aCN@bTANGWEI@c20170308
905    @b0954585-7@dB516.59@e153@f3
    
    “符号性孕义”与卡西尔的符号形式哲学=Symbolic pregnancy and Ernst Cassirer's philosophy of symbolic forms/石福祁著.-北京:人民出版社,2016
    262页;24cm
    “兰州大学‘985工程’敦煌学与人文科学基础研究资助”
    
    ISBN 978-7-01-016026-9:CNY55.00
    本书分五章,内容包括:导言及问题、卡西尔的符号形式哲学、“符号性孕义”、符号性孕义的有效性问题、精神作为的自由。
●
相关链接 在E读中查询图书 在五车中查询图书 在当当中查询图书 在豆瓣中查询图书


正题名:"符号性孕义"与卡西尔的符号形式哲学     索取号:B516.59/153         预约/预借

序号 登录号 条形码 馆藏地/架位号 状态 备注
1 0954585   209545857   第一样本阅览室/ [索取号:B516.59/153] 在馆    
2 0954586   209545866   第一借阅区/ [索取号:B516.59/153] 在馆    
3 0954587   209545875   第一借阅区/ [索取号:B516.59/153] 在馆    
唐山师范学院图书馆 欢迎您!
大连网信软件有限公司© 版权所有